Zahraničná politika a diplomacia malého štátu diplomová práca

Salvato in:
Dettagli Bibliografici
Autore principale: Dunajská, Katarína
Ente Autore: Fakulta medzinárodných vzťahov EU. Katedra medzinárodných ekonomických vzťahov a hospodárskej diplomacie
Altri autori: Rusiňák, Peter
Natura: Libro
Lingua:slovacco
Pubblicazione: Bratislava 2010
Tags: Aggiungi Tag
Nessun Tag, puoi essere il primo ad aggiungerne!!

MARC

LEADER 00000nam a2200000 4500
001 0121409
005 20240318123938.6
041 0 |a slo 
044 |a SK 
245 1 0 |a Zahraničná politika a diplomacia malého štátu  |b diplomová práca  |c Katarína Dunajská ; škol. Peter Rusiňák 
264 1 |a Bratislava  |c 2010 
300 |a 60 s. 
100 1 |a Dunajská, Katarína 
700 1 |a Rusiňák, Peter 
710 2 |a Fakulta medzinárodných vzťahov EU. Katedra medzinárodných ekonomických vzťahov a hospodárskej diplomacie